| 000 | 00741cam a22002653a 4500 | ||
|---|---|---|---|
| 001 | 27019 | ||
| 003 | PGUSA | ||
| 005 | 20140828083601.0 | ||
| 008 | 081024s2008||||xxu|||||s|||||000 1 eng d | ||
| 040 |
_aPGUSA _beng |
||
| 042 | _adc | ||
| 050 | 4 | _aPS | |
| 100 | 1 |
_aMarlowe, Stephen, _d1928-2008 |
|
| 245 | 1 | 0 |
_aMy Shipmate—Columbus _h[electronic resource] / _cStephen Marlowe |
| 260 |
_bProject Gutenberg, _c2008 |
||
| 506 | _aPublic domain in the USA. | ||
| 516 | _aElectronic text | ||
| 653 | _aTime travel -- Fiction | ||
| 653 | _aColumbus, Christopher -- Fiction | ||
| 653 | _aScience fiction | ||
| 700 | 1 | _aLlewellyn | |
| 830 | 0 |
_aProject Gutenberg _v27019 |
|
| 856 | 4 | 0 | _uhttp://www.gutenberg.org/ebooks/27019 |
| 942 | _cEB | ||
| 999 |
_c256274 _d256274 |
||